| 000 | 01216cam a22002054a 4500 | ||
|---|---|---|---|
| 005 | 20250605163923.0 | ||
| 008 | 250528s ||||||||||||||||||||||||d | ||
| 035 | _a14447 | ||
| 020 | _a1901888045 | ||
| 040 |
_aGR-AtMCL _bgre _dGR-AtMCL _eAACR2 |
||
| 245 | 1 | _aAccounting for Business / Second Edition | |
| 250 | _a2nd | ||
| 260 |
_bBusiness Books, _c1998 |
||
| 300 | _a636 | ||
| 520 | _aThis popular text provides a comprehensive introduction to accounting and is suitable for a variety of courses, including HNC/ HND and Degree, and as an introductory text for non-specialists at postgraduate and professional levels. Introduction, An Introduction to Accounting, Financial Accounting, Accounting Principles and Regulations, Recording Transactions, An Introduction to Accounting Statements, The Preparation of Accounting Statements, Accounting for Manufacturing Organizations, Partnership and Company Accounts, Cash Flow Statements, Management Accounting, Costing, Cost Behavior, Marginal Costing and Decision Making, Cost Volume Profit Analysis, Investment Appraisal, Budgetary Control, Standard Costing, Appendices, Index. | ||
| 700 | 1 |
_aBlackwood Tony _9114 |
|
| 942 | _cBK | ||
| 999 |
_c78 _d78 |
||